| 000 | 00790nam a22002177a 4500 | ||
|---|---|---|---|
| 999 |
_c65652 _d65652 |
||
| 005 | 20240530110836.0 | ||
| 008 | 191104s1988 ua a f b 000 0 ara d | ||
| 017 |
_a1987/8652 _bمصر. دار الكتب |
||
| 040 |
_aEG-CaGPL _cEG-CaGPL |
||
| 082 | 0 | 4 |
_221 _a739.7 _bق/ح ا |
| 100 | 0 | _aحسين عبدالرحيم عليوة | |
| 245 | 1 | 2 |
_aالكتابات الاثرية العربية دراسة فى الشكل والمضمون / _cحسين عبدالرحيم عليوه |
| 250 | _aط. 2 | ||
| 260 |
_aالقاهرة : _bمطبعة الجبلاوى، _c1988 |
||
| 300 |
_a64 ص. : _bايض. ؛ _c24 سم. |
||
| 650 | 0 | 7 |
_2qrmak _aالخط العربى |
| 650 | 0 | 7 |
_aالخط الكوفى _2qrmak |
| 651 | _2qrmak | ||
| 942 |
_2ddc _cBK |
||